Quick Pick: 'H' Latin Phrases Quiz Stats

 Plays Quiz Updated Oct 12, 2017

Challenge
Share
Tweet
Embed
Score 0/12 Timer 01:30
0 Plays Today
% Correct
Hodie mihi, cras tibi
90.1%
Habemus papam
89.8%
Homo unius libri
89.2%
Historia vitae magistra
89%
Hic abundant leones
88.5%
Habeas corpus
87.9%
Hic et nunc
86.5%
Hinc illae lacrimae
74.4%
Hortus siccus
73.3%
Haud ignota loquor
71%
Hac lege
67%
Hoc age
66.9%

Today's Daily Dose

Missing Word
Britpop Albums

Word Ladder
Sing It!

On This Day
December 14th II

You're not logged in!

Compare scores with friends on all Sporcle quizzes.
OR
Log In

You Might Also Like...

Show Comments

Extras

Top Quizzes Today


Score Distribution

Your Account Isn't Verified!

In order to create a playlist on Sporcle, you need to verify the email address you used during registration. Go to your Sporcle Settings to finish the process.

Report this User

Report this user for behavior that violates our Community Guidelines.

Details: